Contemporary Issues in Trade, Environment and Policy/ (Record no. 166886)

MARC details
000 -LEADER
fixed length control field 00670nam a22001697a 4500
010 ## - LCCN (DPL NO)
LC control number ENG-126163
020 ## - INTERNATIONAL STANDARD BOOK NUMBER
International Standard Book Number 978-93-8546-234-4
Terms of availability 1495.00
035 ## - SYSTEM CONTROL NUMBER
System control number EN-109695
037 ## - SOURCE OF ACQUISITION
Source of stock number/acquisition DBAD/PUB
082 ## - DEWEY DECIMAL CLASSIFICATION NUMBER
Classification number 381.3
245 ## - TITLE STATEMENT
Title Contemporary Issues in Trade, Environment and Policy/
Statement of responsibility, etc edited by Ananya Ghosh Dastudar[and]Yamini Gupt
260 ## - PUBLICATION, DISTRIBUTION, ETC. (IMPRINT)
Place of publication, distribution, etc New Delhi
Name of publisher, distributor, etc Ane Books Pvt.Ltd.
Date of publication, distribution, etc 2016
270 ## - ADDRESS
Address 4821,Parwana Bhawan,1st Floor24 Ansari Road, Darya Ganj
City New Delhi
Postal code 110002
Telephone number +91(011)23276843
Fax number +91(011)23276863
Electronic mail address kapoor@anebooks.com
300 ## - PHYSICAL DESCRIPTION
Extent xix201p.
Dimensions 24cm(hb)
Other physical details ill
700 ## - ADDED ENTRY--PERSONAL NAME
Personal name Ananya Ghosh Dastudar[and]Yamini Gupt
942 ## - ADDED ENTRY ELEMENTS (KOHA)
Source of classification or shelving scheme Dewey Decimal Classification
Item type English Books
Classification part 381.3
Call number suffix CON
Holdings
Withdrawn status Lost status Not for loan Collection code Home library Current library Date acquired Source of acquisition Cost, normal purchase price Full call number Barcode Copy number Cost, replacement price Koha item type
      Non-fiction Andrews Gunj Andrews Gunj 14/08/2019 DBAD/PUB 1495.00 381.3 CON EN-109695 1 1495.00 English Books

© Delhi Public Library
Hit Counter
free hit counter